El asalto a Cuba por la oligarquía financiera yanqui / (Registro nro. 3706)

Detalles MARC
000 -LEADER
fixed length control field 01057nam a2200253Ia 4500
003 - CONTROL NUMBER IDENTIFIER
control field OSt
005 - DATE AND TIME OF LATEST TRANSACTION
control field 20200402143441.0
008 - FIXED-LENGTH DATA ELEMENTS--GENERAL INFORMATION
fixed length control field 191128s1973 cu gr 000 0dspa d
040 ## - CATALOGING SOURCE
Original cataloging agency CO-JMCR
Transcribing agency CO-JMCR
041 0# - LANGUAGE CODE
Language code of text/sound track or separate title spa
082 04 - DEWEY DECIMAL CLASSIFICATION NUMBER
Classification number 321.03 /
Item number P657a
Edition number 21
100 1# - MAIN ENTRY--PERSONAL NAME
Personal name Pino-Santos, Oscar,
Relator term autor
9 (RLIN) 2454
245 13 - TITLE STATEMENT
Title El asalto a Cuba por la oligarquía financiera yanqui /
Statement of responsibility, etc. Oscar Pino-Santos
250 ## - EDITION STATEMENT
Edition statement Primera edición
260 ## - PUBLICATION, DISTRIBUTION, ETC.
Place of publication, distribution, etc. La Habana :
Name of publisher, distributor, etc. Casa de las Américas,
Date of publication, distribution, etc. 1973
300 ## - PHYSICAL DESCRIPTION
Extent 234 paginas ;
Dimensions 19 cm.
500 ## - GENERAL NOTE
General note Incluye biográfia del autor en solapa posterior.
504 ## - BIBLIOGRAPHY, ETC. NOTE
Bibliography, etc. note Bibliografía: páginas 229-234
505 0# - FORMATTED CONTENTS NOTE
Formatted contents note Ensayo introductorio: las relaciones cubano-norteamericano durante el siglo XIX -- El período de la penetración y la rivalidad interimperialista (1898-1913) -- El asalto a cuba por la oligarquía financiera yanqui (1914-1925)
650 14 - SUBJECT ADDED ENTRY--TOPICAL TERM
Topical term or geographic name entry element Dependencia económica
9 (RLIN) 2455
650 14 - SUBJECT ADDED ENTRY--TOPICAL TERM
Topical term or geographic name entry element Estados Unidos
General subdivision imperialismo
Chronological subdivision 1898-1958
9 (RLIN) 2456
650 14 - SUBJECT ADDED ENTRY--TOPICAL TERM
Topical term or geographic name entry element Cuba
General subdivision relaciones exteriores
9 (RLIN) 2457
942 ## - ADDED ENTRY ELEMENTS (KOHA)
Source of classification or shelving scheme Dewey Decimal Classification
Koha item type Books
Existencias
Withdrawn status Lost status Source of classification or shelving scheme Damaged status Not for loan Collection code Home library Current library Date acquired Source of acquisition Cost, normal purchase price Total Checkouts Full call number Barcode Date last seen Copy number Koha item type
    Dewey Decimal Classification     Non-fiction Biblioteca Pública José María del Castillo y Rada Biblioteca Pública José María del Castillo y Rada 04/15/2018 Donación 0.00   321.03 / P657a 201807695 05/16/2024 Ej.1 Books